000 00622nam a2200217Ia 4500
003 OSt
005 20230605085244.0
008 210423s2012 xx 000 0 und d
020 _a978-93-81031-91-9
040 _cAL
041 _aeng
082 _a305.4 JAIS
100 _aJAIN (P)
_9119403
245 _aSelf help groups: economic and social empowerment of tribal women
260 _aNew Delhi
_bArise Publishers
_c2012
300 _av,264
_bHB
365 _b900
_cINR
650 _aWomen Studies
_9119404
906 _aeconomic ; empowerment ; groups: ; help ; Self ; social ; tribal ; women
942 _2ddc
_cBK
999 _c176567
_d176567